Pokemon trouve les paroles Opening 1 - Statistiques

Statistiques générales
  • Ce quiz a été pris 128 fois
  • Le résultat moyen est 67 sur 76
Statistiques - réponses
Réponse % Correct
je
99%
je
99%
je
99%
je
99%
le
99%
le
99%
a
98%
dresseur
98%
jour
98%
me
98%
meilleur
98%
serai
98%
Un
98%
un
98%
de
97%
et
97%
et
97%
Pokémon
97%
Pokémon
97%
Pokémon
97%
Pokémon
97%
Pokémon
97%
battrai
96%
entiere
96%
la
96%
la
96%
les
96%
les
96%
pour
96%
pour
96%
sans
96%
terre
96%
parcourrai
95%
répit
94%
tous
93%
tous
93%
tous
93%
defis
92%
etre
92%
ferai
92%
tout
92%
gagner
91%
leurs
91%
leurs
91%
vainqueur
91%
mysteres
89%
avec
88%
espoir
88%
pouvoirs
88%
secret
88%
victoire
85%
arretera
81%
ensemble
81%
notre
81%
notre
81%
notre
81%
nous
81%
attrapez-les
80%
attrapez-les
80%
attrapez-les
80%
attrapez-les
80%
ça
79%
ne
79%
rien
79%
triomphera
77%
du
76%
histoire
75%
c'est
74%
courage
74%
demande
74%
amitié
73%
traquant
72%
voyage
64%
age
60%
d'apprentissage
60%
meme
57%
Aucun quiz correspondant
Distribution des résultats
% des personnes avec chaque résultat
Percentile par nombre de réponses
Votre historique - résultats
Vous n’avez pas pris ce quiz